00885nam a2200205 a 450000100100000000500170001000800410002704000250006808200150009310000260010824501590013426000350029330000210032849000390034959000750038870000390046383000460050295201140054899900170066200003474820200930073859.0111019s1957 ag 000 0 spa d aDO-SdBNPbspacBNPHU axxxbS839p1 aStern, William96022610aPsicología general :bdesde el punto de vista personalístico /cWilliam Stern ; prólogo y supervisión de la versión castellana Enrique Butelman. aBuenos Aires :bPaidos,c1957. a566 p. ;c24 cm.1 aBiblioteca de psicología general aPerteneció a la biblioteca personal de Juan Isidro Jimenes Grullón1 aButelman, Enrique,epról.960227 0aBiblioteca de psicología general960228 0010507-18MOaGRbGRcOId2011-10-19iLF1l0oxxx S839pp34748-10r2020-06-25w2020-06-25y1ZNo se presta c34239d34239